| 000 | 00923nam0a22002531 4500 | ||
|---|---|---|---|
| 001 | rc\1097662 | ||
| 005 | 20250622144648.0 | ||
| 035 | _a(NLR Aleph) 006343681 | ||
| 090 |
_a4727471 _c4727471 |
||
| 100 | _a20041126d1984 |||y0rusy50 ca | ||
| 101 | 0 | _arus | |
| 102 | _aRU | ||
| 105 | _ay ||||||||| | ||
| 200 | 1 |
_aСтруктура и природа времени _e(Из цикла "Соврем. пробл. астрофизики") _eПер. с англ. _f[Предисл. В.В. Казютинского] |
|
| 210 |
_aМ. _cЗнание _d1984 |
||
| 215 |
_a64 с. _d20 |
||
| 225 | 1 |
_aНовое в жизни, науке, технике _iКосмонавтика, астрономия _v6 |
|
| 320 | _aБиблиогр. в конце кн. | ||
| 700 | 1 |
_aУитроу _bД.Д. _gДжеральд Дж. |
|
| 801 | 0 |
_aRU _bNLR _gpsbo |
|
| 801 | 1 |
_aRU _bELAR _2rusmarc |
|
| 852 |
_aNLR _j84-4/22347 |
||
| 942 | _cBOOK | ||
| 980 | _aNB | ||